000 00584nam a2200205 u 4500
005 20220519063940.0
008 120613s2008 es r 000 0 spa d
020 _a9789688673744
035 _aUPN01000185042
049 _aCG
050 4 _aPQ7298.26 A2.5
_bA6.4
100 1 _aPadilla, Ignacio,
_d1968-
_932542
245 1 3 _aEl androide y las quimeras /
_cIgnacio Padilla.
260 _aMadrid :
_bPáginas de Espuma,
_c2008.
300 _a114 p.
440 0 _aVoces / Literatura ;
_v112
650 0 _aLiteratura juvenil mexicana
_915848
905 _aLibro
999 _c157145
_d157145